[Event "Intra-knightworm78 Competition#1"]
[Site "SchemingMind.com"]
[Date "2024.03.12"]
[Round "-"]
[White "capablanca"]
[Black "Abstract Actuary"]
[Result "0-1"]
[WhiteCountry "GER"]
[BlackCountry "USA"]
[WhiteElo "1787"]
[WhiteRD "71"]
[BlackElo "1891"]
[BlackRD "87"]
[GameID "743067"]

1. e4 e6 2. d4 d5 3. exd5 exd5 4. Bd3 Bd6 5. Nc3 Ne7 6. Nge2 Bg4 7. h3 Bh5 8. Be3 Nbc6 9. O-O a6 10. a3 Qd7
11. Qd2 O-O-O 12. Nf4 Bg6 13. Nxg6 hxg6 14. Ne2 Rxh3 15. gxh3 Qxh3 16. Ng3 Bxg3 17. fxg3 Qxg3+ 18. Qg2 Qxe3+ 19. Rf2 Qxd4 20. Rb1 Ne5
21. Qh3+ Kb8 22. Kf1 Nxd3 23. Qxd3 Qxd3+ 24. cxd3 Nf5 25. Rc1 c6 26. Kg2 Re8 27. Rh1 Kc7 28. Rh3 Kd6 29. d4 f6 30. Rd3 Re4
31. Rfd2 Ne3+ 32. Kf3 Nc4 33. Rh2 Ke6 34. b3 Nxa3 35. Rh7 Kf7 36. Rh8 Nc2 37. Rd1 Nxd4+ 38. Kf2 Nxb3
0-1

[Event "Intra-knightworm78 Competition#1"]
[Site "SchemingMind.com"]
[Date "2024.03.12"]
[Round "-"]
[White "Phillip Beckett"]
[Black "capablanca"]
[Result "0-1"]
[WhiteCountry "ENG"]
[BlackCountry "GER"]
[WhiteElo "1450"]
[WhiteRD "54"]
[BlackElo "1787"]
[BlackRD "71"]
[GameID "743068"]

1. d4 d5 2. e3 Nf6 3. Bd3 Nc6 4. f4 Ne4 5. Nd2 f5 6. Ngf3 Nb4 7. Bb5+ c6 8. Ba4 b5 9. a3 Na6 10. Bb3 Nc7
11. Nxe4 dxe4 12. Nd2 Nd5 13. O-O Nxe3 14. Qh5+ g6 15. Qe2 Nxf1 16. Nxf1 Qxd4+ 17. Kh1 Bb7 18. c3 Qd3 19. Qe3 Qxf1+ 20. Qg1 Qxg1+
21. Kxg1 c5 22. Be3 c4 23. Bc2 e6
0-1

[Event "Intra-knightworm78 Competition#1"]
[Site "SchemingMind.com"]
[Date "2024.03.12"]
[Round "-"]
[White "ray winteringham"]
[Black "capablanca"]
[Result "0-1"]
[WhiteCountry "ENG"]
[BlackCountry "GER"]
[WhiteElo "1458"]
[WhiteRD "47"]
[BlackElo "1787"]
[BlackRD "71"]
[GameID "743069"]

1. g3 d5 2. d4 Nf6 3. Bg2 Nc6 4. e3 Bf5 5. Ne2 e6 6. Bd2 Nb4 7. Na3 Ne4 8. c3 Nd3+ 9. Kf1 Nexf2 10. Qa4+ c6
11. Rg1 Nxb2 12. Qb3 Nfd3 13. Rb1 Bxa3 14. Qxa3 Nc4
0-1

[Event "Intra-knightworm78 Competition#1"]
[Site "SchemingMind.com"]
[Date "2024.03.13"]
[Round "-"]
[White "James Reed"]
[Black "capablanca"]
[Result "0-1"]
[WhiteCountry "ENG"]
[BlackCountry "GER"]
[WhiteElo "1220"]
[WhiteRD "88"]
[BlackElo "1787"]
[BlackRD "71"]
[GameID "743070"]

1. e4 e5 2. Nf3 Nc6 3. Nc3 Bc5 4. Bc4 Nf6 5. h3 d6 6. a3 Nd4 7. Nxd4 Bxd4 8. O-O Bxc3 9. dxc3 Nxe4 10. Bd5 Nc5
11. Qf3 O-O 12. Re1 c6 13. Bc4 d5 14. Ba2 Ne4 15. Be3 Ng5 16. Bxg5 Qxg5 17. Re2 e4 18. Qg4 Bxg4 19. hxg4 Qxg4
0-1

[Event "Intra-knightworm78 Competition#1"]
[Site "SchemingMind.com"]
[Date "2024.03.12"]
[Round "-"]
[White "capablanca"]
[Black "Chessibelle"]
[Result "1-0"]
[WhiteCountry "GER"]
[BlackCountry "ENG"]
[WhiteElo "1787"]
[WhiteRD "71"]
[BlackElo "1029"]
[BlackRD "61"]
[GameID "743071"]

1. c4 d6 2. d4 e6 3. Nc3 a6 4. e4 g6 5. Nf3 h6 6. Bd3 Be7 7. Be3 b6 8. O-O Nf6 9. e5 Nfd7 10. exd6 Bxd6
11. Qd2 f5 12. Bxh6 Nf6 13. Bg5 Nbd7 14. Rfe1 Be7 15. Ne5 Bb7 16. Nxg6 Rg8 17. Nxe7 Qxe7 18. Bxf5 O-O-O 19. Bxe6 Rg6 20. Bf5 Qh7
21. Bxg6 Qxg6 22. d5 c6 23. Re6 Rh8 24. dxc6 Ba8 25. cxd7+ Kd8 26. Bxf6+ Kc7 27. Qd6+ Kb7 28. Qxb6#
1-0

[Event "Intra-knightworm78 Competition#1"]
[Site "SchemingMind.com"]
[Date "2024.03.12"]
[Round "-"]
[White "wight knight"]
[Black "capablanca"]
[Result "0-1"]
[WhiteCountry "ENG"]
[BlackCountry "GER"]
[WhiteElo "1226"]
[WhiteRD "63"]
[BlackElo "1787"]
[BlackRD "71"]
[GameID "743072"]

1. e4 e5 2. Bc4 Nc6 3. c3 Bc5 4. Qf3 Nf6 5. d3 d6 6. Bb5 Bg4 7. Bxc6+ bxc6 8. Qg3 Qe7 9. f3 Be6 10. Bg5 h6
11. Bxf6 Qxf6 12. b4 Bb6 13. a4 a5 14. h4 Qf4 15. Qxg7 Qe3+ 16. Kd1 Bb3#
0-1

[Event "Intra-knightworm78 Competition#1"]
[Site "SchemingMind.com"]
[Date "2024.03.12"]
[Round "-"]
[White "capablanca"]
[Black "*chessnut*"]
[Result "1-0"]
[WhiteCountry "GER"]
[BlackCountry "FRA"]
[WhiteElo "1787"]
[WhiteRD "71"]
[BlackElo "1202"]
[BlackRD "89"]
[GameID "743073"]

1. d4 d5 2. c4 f5 3. Bf4 Nf6 4. Nc3 a6 5. cxd5 Nxd5 6. Nxd5 Qxd5 7. Bxc7 Nc6 8. Nf3 Qa5+ 9. Bxa5 Nxa5 10. Qa4+ Nc6
11. Ne5 e6 12. Nxc6 Bd7 13. Rc1 Bd6 14. e3 Kf7 15. Ne5+ Kf6 16. Nxd7+ Kg6 17. Bd3 b5 18. Qc2 Rac8 19. Qxc8 Bb4+ 20. Ke2
1-0

[Event "Intra-knightworm78 Competition#1"]
[Site "SchemingMind.com"]
[Date "2024.03.11"]
[Round "-"]
[White "Phillip Beckett"]
[Black "Abstract Actuary"]
[Result "1/2-1/2"]
[WhiteCountry "ENG"]
[BlackCountry "USA"]
[WhiteElo "1450"]
[WhiteRD "54"]
[BlackElo "1891"]
[BlackRD "87"]
[GameID "743074"]

1. d4 e6 2. e4 d5 3. Nd2 dxe4 4. Nxe4 Bd7 5. Nf3 Bc6 6. Bd3 Nd7 7. c3 h6 8. O-O Ngf6 9. Nxf6+ Nxf6 10. Qe2 Bd6
11. Ne5 Bxe5 12. Qxe5 Qd5 13. Qxd5 Bxd5 14. Re1 O-O-O 15. Bf4 g5 16. Be5 Rd7 17. Bxf6 Rg8 18. Be4 c6 19. Bxd5 cxd5 20. Re3 Rg6
21. Be5 h5 22. Rf1 f6 23. Bg3 h4 24. Bxh4 gxh4 25. f4 f5 26. Rfe1 Re7 27. Re5 Kd7 28. Kf2 Reg7 29. Rg1 Rg4 30. g3 hxg3+
31. hxg3 Rh7 32. Kf3 Rh2 33. Rg2 Rh1 34. Ree2 Rg6 35. Rh2 Rh6 36. Rxh6 Rxh6 37. Rg2 a5 38. g4 fxg4+ 39. Rxg4 b5 40. Rg7+ Kc6
41. Rg2 b4= 42. Rg5 bxc3 43. bxc3 Rh3+ 44. Rg3 Rh2 45. Rg6 Kd7 46. Rg2 Rh3+ 47. Rg3 Rh2 48. Rg2 Rh3+ 49. Rg3 Rh2=
1/2-1/2

[Event "Intra-knightworm78 Competition#1"]
[Site "SchemingMind.com"]
[Date "2024.03.12"]
[Round "-"]
[White "wight knight"]
[Black "Abstract Actuary"]
[Result "0-1"]
[WhiteCountry "ENG"]
[BlackCountry "USA"]
[WhiteElo "1226"]
[WhiteRD "63"]
[BlackElo "1891"]
[BlackRD "87"]
[GameID "743075"]

1. e4 e6 2. Nc3 d5 3. f3 c5 4. Nge2 d4 5. Nb5 a6 6. Na3 b5 7. c3 d3 8. Nf4 c4 9. b3 Qc7 10. g3 Bd6
11. bxc4 bxc4 12. h4 Bxf4 13. gxf4 Qxf4 14. Nxc4 Qg3#
0-1

[Event "Intra-knightworm78 Competition#1"]
[Site "SchemingMind.com"]
[Date "2024.03.11"]
[Round "-"]
[White "Abstract Actuary"]
[Black "*chessnut*"]
[Result "1-0"]
[WhiteCountry "USA"]
[BlackCountry "FRA"]
[WhiteElo "1891"]
[WhiteRD "87"]
[BlackElo "1202"]
[BlackRD "89"]
[GameID "743076"]

1. e4 e5 2. Nf3 d6 3. d4 Nf6 4. Bg5 Qe7 5. Nc3 h6 6. Bh4 g5 7. Bg3 Nh5 8. dxe5 Nxg3 9. exd6 Qe6 10. hxg3 Bxd6
11. Qd4 f6 12. Bc4 Qe7 13. Nd5 c5 14. Qc3 Qxe4+ 15. Kf1 Be5 16. Nxe5 Nd7 17. Nxd7 Qg6 18. N5xf6+ Kd8 19. Rd1 Kc7 20. Qe5+ Kd8
21. Nf8+
1-0

[Event "Intra-knightworm78 Competition#1"]
[Site "SchemingMind.com"]
[Date "2024.03.16"]
[Round "-"]
[White "capablanca"]
[Black "agoodhobby"]
[Result "1-0"]
[WhiteCountry "GER"]
[BlackCountry "USA"]
[WhiteElo "1787"]
[WhiteRD "71"]
[BlackElo "1388"]
[BlackRD "80"]
[GameID "743077"]

1. e4 e6 2. d4 d5 3. exd5 exd5 4. Nf3 Nf6 5. Be2 Bd6 6. Nc3 c6 7. Bg5 O-O 8. O-O Bf5 9. Bd3 Bxd3 10. Qxd3 h6
11. Bd2 Nbd7 12. Ne2 Qb6 13. c3 Qxb2 14. Rfb1 Qa3 15. Rxb7 Qa5 16. Qf5 Qd8 17. Ne5 Bxe5 18. dxe5 Ne4 19. Rxd7 Qa5 20. Be3 Rab8
21. h3 Nxc3 22. Nxc3 Qxc3 23. Rc1 Qa5 24. Rxc6 Qe1+ 25. Kh2 Rb1 26. Qg4 Qh1+ 27. Kg3 Rg1 28. Kf3 h5 29. Qg5 g6 30. Rxg6+ fxg6+
31. Bf4 Rxg2 32. Qxg2 Qd1+ 33. Kg3 h4+ 34. Kh2 Qh5 35. Qxd5+ Kh8 36. Rd8 Qf5 37. Rxf8+ Qxf8 38. Be3 a6 39. e6 Qf5 40. Qxf5 gxf5
41. e7
1-0

[Event "Intra-knightworm78 Competition#1"]
[Site "SchemingMind.com"]
[Date "2024.03.11"]
[Round "-"]
[White "Abstract Actuary"]
[Black "agoodhobby"]
[Result "1-0"]
[WhiteCountry "USA"]
[BlackCountry "USA"]
[WhiteElo "1891"]
[WhiteRD "87"]
[BlackElo "1388"]
[BlackRD "80"]
[GameID "743078"]

1. e4 c5 2. d4 cxd4 3. c3 dxc3 4. Nxc3 e6 5. Nf3 Nc6 6. Bc4 a6 7. O-O b5 8. Bb3 Bb7 9. Bf4 Bc5 10. Qe2 f6
11. Rfd1 Qb6 12. Rac1 Nge7 13. Bd6 Rd8 14. Bxc5 Qxc5 15. Nd5 Qa7 16. Nxe7 Kxe7 17. Kh1 Rhe8 18. Nh4 Kf8 19. f4 Na5 20. Bc2 Nc4
21. b3 Ne3 22. Rd3 Nxc2 23. Rxc2 d5 24. e5 Rc8 25. Rdc3 Rxc3 26. Rxc3 Rc8 27. Rxc8+ Bxc8 28. Nf3 Qc5 29. Qd2 b4 30. g3 a5
31. exf6 gxf6 32. Nd4 Kf7 33. Kg2 e5 34. fxe5 fxe5 35. Qf2+ Ke8 36. Nf3 d4 37. Kg1 Bb7 38. Ng5 Qc6 39. Qf7+ Kd8 40. Ne6+ Kc8
41. Qf8+ Kd7 42. Nc5+ Kc7 43. Qe7+ Kb8 44. Nxb7 Qc7 45. Qxc7+ Kxc7 46. Nxa5 Kd6 47. Kf2 e4 48. Ke2 Kd5 49. h4 h5 50. Nc4 e3
51. Kd3 e2 52. Kxe2 Ke4 53. Nd2+ Kd5 54. Kd3 Ke5 55. Nf3+ Kf5 56. Nxd4+ Kg4 57. Ne2 Kf3 58. Nf4
1-0

[Event "Intra-knightworm78 Competition#1"]
[Site "SchemingMind.com"]
[Date "2024.03.11"]
[Round "-"]
[White "agoodhobby"]
[Black "Phillip Beckett"]
[Result "1/2-1/2"]
[WhiteCountry "USA"]
[BlackCountry "ENG"]
[WhiteElo "1388"]
[WhiteRD "80"]
[BlackElo "1450"]
[BlackRD "54"]
[GameID "743079"]

1. e4 e5 2. Nf3 Nc6 3. Bb5 a6 4. Ba4 Nf6 5. O-O Be7 6. Re1 b5 7. Bb3 O-O 8. c3 d5 9. exd5 Nxd5 10. Nxe5 Nxe5
11. Rxe5 Nf6 12. d4 Bd6 13. Re1 Ng4 14. h3 Qh4 15. Qf3 Nxf2 16. Re2 Bb7 17. Qxf2 Bg3 18. Qf1 Rae8 19. Qxf7+ Kh8 20. Rxe8 Bf2+
21. Kf1 Bxg2+ 22. Kxg2 Qg3+ 23. Kf1 Qg1+ 24. Ke2 Qe1+ 25. Kf3 Qxe8 26. Kxf2 Rxf7+ 27. Bxf7 Qxf7+ 28. Ke2 Qh5+ 29. Kd3 Qxh3+ 30. Kc2 Qf5+
31. Kd1 Qf1+ 32. Kc2 Qf5+ 33. Kd1=
1/2-1/2

[Event "Intra-knightworm78 Competition#1"]
[Site "SchemingMind.com"]
[Date "2024.03.12"]
[Round "-"]
[White "agoodhobby"]
[Black "ray winteringham"]
[Result "0-1"]
[WhiteCountry "USA"]
[BlackCountry "ENG"]
[WhiteElo "1388"]
[WhiteRD "80"]
[BlackElo "1458"]
[BlackRD "47"]
[GameID "743080"]

1. e4 e5 2. Nf3 d6 3. d4 Be7 4. dxe5 f6 5. exf6 Nxf6 6. Nc3 O-O 7. Bc4+ Kh8 8. O-O Bd7 9. Bg5 c6 10. e5 dxe5
11. Nxe5 b5 12. Nf7+ Rxf7 13. Bxf7 Qf8 14. Bb3 Bg4 15. f3 Bh5 16. a4 b4 17. Ne2 Qe8 18. Nf4 Bf7 19. Bxf6 Bxf6 20. Re1 Qf8
21. Ne6 Bxe6 22. Rxe6 Bxb2 23. Qe2 Nd7 24. Rb1 Bc3 25. Rxc6 Re8 26. Be6 h6 27. Rd1 Qe7 28. Qa6 Ne5 29. Rc8 Kh7 30. Rxe8 Qxe8
31. Bf5+ Kg8 32. Qxa7 Nc6 33. Qd7 Bd4+ 34. Kf1 Qe3 35. Rd2 Qg1+ 36. Ke2 Qxg2+ 37. Kd1 Qf1#
0-1

[Event "Intra-knightworm78 Competition#1"]
[Site "SchemingMind.com"]
[Date "2024.03.13"]
[Round "-"]
[White "agoodhobby"]
[Black "James Reed"]
[Result "1-0"]
[WhiteCountry "USA"]
[BlackCountry "ENG"]
[WhiteElo "1388"]
[WhiteRD "80"]
[BlackElo "1220"]
[BlackRD "88"]
[GameID "743081"]

1. e4 c5 2. Nf3 d6 3. d4 cxd4 4. Nxd4 Nf6 5. Nc3 a6 6. Be3 e5 7. Nf3 Be7 8. Bc4 O-O 9. O-O Be6 10. Bxe6 fxe6
11. Ng5 Qd7 12. Qd3 h6 13. Nf3 Nc6 14. h3 Nb4 15. Qd2 Bd8 16. a3 Nc6 17. Rfd1 Bc7 18. Na4 b6 19. Bxb6 Nxe4 20. Qd3 Nc5
21. Nxc5 Qc8 22. Bxc7 dxc5 23. Bxe5 Rd8 24. Qg6 Nxe5 25. Nxe5 Qc7 26. Qxe6+ Kh8 27. Rxd8+ Rxd8 28. Nf7+
1-0

[Event "Intra-knightworm78 Competition#1"]
[Site "SchemingMind.com"]
[Date "2024.03.11"]
[Round "-"]
[White "Chessibelle"]
[Black "agoodhobby"]
[Result "0-1"]
[WhiteCountry "ENG"]
[BlackCountry "USA"]
[WhiteElo "1029"]
[WhiteRD "61"]
[BlackElo "1388"]
[BlackRD "80"]
[GameID "743082"]

1. Nf3 d5 2. d4 Nc6 3. e3 Bg4 4. Be2 Nf6 5. h3 Bh5 6. Nbd2 e6 7. Nb3 Bb4+ 8. c3 Ba5 9. Qd2 O-O 10. Qd3 Re8
11. Nc5 Rb8 12. Bd1 b6 13. Na6 Rc8 14. O-O e5 15. a3 e4 16. Qb5 Qd7 17. Qa4 exf3 18. b4 fxg2 19. Re1 Qxh3 20. f4 Qh1+
21. Kf2 Ne4#
0-1

[Event "Intra-knightworm78 Competition#1"]
[Site "SchemingMind.com"]
[Date "2024.03.12"]
[Round "-"]
[White "agoodhobby"]
[Black "wight knight"]
[Result "0-1"]
[WhiteCountry "USA"]
[BlackCountry "ENG"]
[WhiteElo "1388"]
[WhiteRD "80"]
[BlackElo "1226"]
[BlackRD "63"]
[GameID "743083"]

1. e4 e5 2. Nf3 f6 3. Nxe5 g6 4. Nf3 b6 5. Bc4 Bc5 6. Nc3 c6 7. d4 Bb4 8. Bd2 Bxc3 9. Bxc3 Ba6 10. Bxa6 Nxa6
11. O-O h5 12. Qd3 Nc7 13. e5 f5 14. Ng5 Qxg5 15. Rfe1 O-O-O 16. Bd2 Qe7 17. h4 Qxh4 18. c4 Nh6 19. a4 Ng4 20. Bf4 Qxf2+
21. Kh1 Qxf4 22. Qh3 Nf2+ 23. Kg1 Nxh3+ 24. gxh3 h4 25. Rf1 Qg3+ 26. Kh1 Qxh3+ 27. Kg1 Qg3+ 28. Kh1 h3 29. Rg1 Qf3+ 30. Kh2 Qf2+
31. Kh1 h2 32. Rg2 Qxd4 33. Re1 Ne6 34. b4 Qxc4 35. b5 Qxa4 36. bxc6 Qxc6 37. Ra1 Nf4 38. e6 Qxg2#
0-1

[Event "Intra-knightworm78 Competition#1"]
[Site "SchemingMind.com"]
[Date "2024.03.11"]
[Round "-"]
[White "*chessnut*"]
[Black "agoodhobby"]
[Result "*"]
[WhiteCountry "FRA"]
[BlackCountry "USA"]
[WhiteElo "1202"]
[WhiteRD "89"]
[BlackElo "1388"]
[BlackRD "80"]
[GameID "743084"]

1. d4 d5 2. Nf3 Nf6 3. e3 Nc6 4. c3 g6 5. Bb5 Bd7 6. a4 Bg7 7. Qd2 O-O 8. c4 Ne4 9. Qc2 a6 10. Bxc6 Bxc6
11. O-O dxc4 12. Qxc4 Bd5 13. Qc2 e5 14. Nxe5 Bxe5 15. dxe5 Re8 16. f4 f6 17. Rd1 fxe5 18. Nc3 Nxc3 19. bxc3 exf4 20. c4 Be4
21. Qe2 Qg5 22. Rf1 f3 23. Qf2 fxg2 24. Qg3
*

[Event "Intra-knightworm78 Competition#1"]
[Site "SchemingMind.com"]
[Date "2024.03.12"]
[Round "-"]
[White "Abstract Actuary"]
[Black "ray winteringham"]
[Result "1-0"]
[WhiteCountry "USA"]
[BlackCountry "ENG"]
[WhiteElo "1891"]
[WhiteRD "91"]
[BlackElo "1441"]
[BlackRD "48"]
[GameID "743085"]

1. e4 d5 2. exd5 Qxd5 3. Nc3 Qd8 4. Bc4 e6 5. Nf3 Bd6 6. O-O Nf6 7. d4 O-O 8. Bg5 h6 9. Bh4 a6 10. Qd2 b5
11. Bb3 Bb7 12. Rad1 Bxf3 13. gxf3 Be7 14. Kh1 Nc6 15. Rg1 Kh8 16. Qe3 Qc8 17. Ne4 Nxe4 18. Bxe7 Nxf2+ 19. Qxf2 Nxe7 20. h4 Ng6
21. Qg3 Ne7 22. Qxg7#
1-0

[Event "Intra-knightworm78 Competition#1"]
[Site "SchemingMind.com"]
[Date "2024.03.11"]
[Round "-"]
[White "ray winteringham"]
[Black "Phillip Beckett"]
[Result "1-0"]
[WhiteCountry "ENG"]
[BlackCountry "ENG"]
[WhiteElo "1441"]
[WhiteRD "48"]
[BlackElo "1484"]
[BlackRD "54"]
[GameID "743086"]

1. g3 g6 2. Bg2 Bg7 3. d4 d6 4. e4 Nf6 5. Ne2 O-O 6. O-O Nbd7 7. c4 c6 8. Nbc3 e5 9. d5 c5 10. a3 a6
11. f4 exf4 12. Bxf4 Qe7 13. b4 Ne8 14. b5 Nb6 15. a4 Bd7 16. Qd3 axb5 17. axb5 Nc7 18. Rfe1 Rxa1 19. Rxa1 Ra8 20. Rxa8+ Nbxa8
21. h4 b6 22. Kf2 f5 23. Na4 fxe4 24. Bxe4 Ne8 25. Bg5 Qf7+ 26. Kg2 h6 27. Bxg6 Qe7 28. Bxe7
1-0

[Event "Intra-knightworm78 Competition#1"]
[Site "SchemingMind.com"]
[Date "2024.03.13"]
[Round "-"]
[White "ray winteringham"]
[Black "James Reed"]
[Result "1-0"]
[WhiteCountry "ENG"]
[BlackCountry "ENG"]
[WhiteElo "1458"]
[WhiteRD "47"]
[BlackElo "1220"]
[BlackRD "88"]
[GameID "743087"]

1. g3 e5 2. e4 Nc6 3. Bg2 Nf6 4. c3 Bc5 5. d3 d6 6. b4 Bb6 7. Ne2 O-O 8. O-O h6 9. a4 a6 10. a5 Ba7
11. Bb2 Re8 12. Nd2 Be6 13. Kh1 Qe7 14. f4 b5 15. f5 Bd7 16. h3 Bc8 17. g4 Be3 18. Rf3 Ba7 19. Ba3 Rb8 20. Rf1 Bb7
21. c4 Qd7 22. Nf3 Be3 23. Nc3 Nd4 24. g5 Bxg5 25. Nxg5 hxg5 26. Bc1 Bc6 27. cxb5 axb5 28. Bxg5 Qe7 29. Bf3 Nxf3 30. Qxf3 Qd7
31. Bxf6 gxf6 32. Rg1+ Kf8 33. Qg4 Ke7 34. Qg7 Rf8 35. h4 Rbe8 36. Qh6 d5 37. Rad1 d4 38. Ne2 Kd8 39. Qxf6+ Qe7 40. Qxe7+ Rxe7
41. Kh2 f6 42. Rg6 Be8 43. Rg3 Bh5 44. Re1 c6 45. Nc1 Kc7 46. Nb3 Bf7 47. Rg7 Kd6 48. Nc5 Rg8 49. Rxg8 Bxg8 50. a6 Kc7
51. Ra1 Re8 52. h5 Ra8 53. Kg3 Bf7 54. Kg4 Be8 55. h6 Bf7 56. Rh1 Bg8 57. h7 Bxh7 58. Rxh7+ Kb6 59. Rb7#
1-0

[Event "Intra-knightworm78 Competition#1"]
[Site "SchemingMind.com"]
[Date "2024.03.12"]
[Round "-"]
[White "Chessibelle"]
[Black "ray winteringham"]
[Result "0-1"]
[WhiteCountry "ENG"]
[BlackCountry "ENG"]
[WhiteElo "1043"]
[WhiteRD "61"]
[BlackElo "1441"]
[BlackRD "48"]
[GameID "743088"]

1. d4 d5 2. e3 Nf6 3. h3 c5 4. Nf3 h6 5. Be2 Nc6 6. b3 e6 7. g3 Be7 8. O-O e5 9. Nbd2 Bxh3 10. Re1 e4
11. Nh2 O-O 12. f3 exf3 13. Ndxf3 Ne4 14. Qd3 Nxg3 15. Bd1 Ne4 16. Qb5 Rb8 17. Qe2 Bh4 18. Kh1 Ng3+ 19. Kg1 Nxe2+ 20. Bxe2 Bxe1
21. Nxe1 Qg5+ 22. Kf2 cxd4 23. Nef3 Qg2+ 24. Ke1 dxe3 25. Bxe3 Qh1+ 26. Bg1 Nd4 27. Bd3 Nxf3+ 28. Ke2 Rfe8+ 29. Kf2 Nxh2 30. c4 Qf3#
0-1

[Event "Intra-knightworm78 Competition#1"]
[Site "SchemingMind.com"]
[Date "2024.03.12"]
[Round "-"]
[White "ray winteringham"]
[Black "wight knight"]
[Result "1-0"]
[WhiteCountry "ENG"]
[BlackCountry "ENG"]
[WhiteElo "1458"]
[WhiteRD "47"]
[BlackElo "1226"]
[BlackRD "63"]
[GameID "743089"]

1. d4 e6 2. e4 Nf6 3. Bg5 h6 4. Bh4 a5 5. e5 Bb4+ 6. c3 g5 7. Bg3 Ne4 8. cxb4 Nxg3 9. fxg3 axb4 10. Bd3 b6
11. Ne2 Ba6 12. O-O Bxd3 13. Qxd3 h5 14. Nd2 g4 15. Rf6 d6 16. Qb5+ Nd7 17. d5 Ra5 18. Qc6 Rxd5 19. Raf1 Rxd2 20. Nf4 O-O
21. Rh6 dxe5 22. Nxe6 Qe7 23. Nxf8 Nxf8 24. Rxh5 Qc5+ 25. Qxc5 Rxb2 26. Rh8+ Kxh8 27. Qxe5+ Kg8 28. Qxb2 c5 29. Rf4 Ne6 30. Rxg4+ Kf8
31. Qe5
1-0

[Event "Intra-knightworm78 Competition#1"]
[Site "SchemingMind.com"]
[Date "2024.03.11"]
[Round "-"]
[White "*chessnut*"]
[Black "ray winteringham"]
[Result "0-1"]
[WhiteCountry "FRA"]
[BlackCountry "ENG"]
[WhiteElo "1202"]
[WhiteRD "89"]
[BlackElo "1458"]
[BlackRD "47"]
[GameID "743090"]

1. e4 e5 2. c4 Bc5 3. d3 Qf6 4. Nf3 d6 5. Bd2 Nc6 6. Nc3 Nge7 7. Nb5 Bb6 8. b4 Bg4 9. Be2 a6 10. Bg5 Qg6
11. h4 O-O-O 12. Nh2 Bd7 13. Nc3 f6 14. h5 Qxg5 15. g4 Nxb4 16. Rg1 Qh4 17. Rg2 g6 18. Qb3 Nbc6 19. Rb1 Qg5 20. Nf3 Be6
21. Nxg5 fxg5 22. Qb2 Rhf8 23. Bd1 Kd7 24. Ba4 Kc8 25. f3 gxh5 26. Rh2 Rxf3 27. Qd2 Bxg4 28. Kd1 Rxd3+ 29. Kc2 Rxd2+ 30. Kxd2 Nd4
31. Rf2 Nf3+ 32. Kd3 Bxf2
0-1

[Event "Intra-knightworm78 Competition#1"]
[Site "SchemingMind.com"]
[Date "2024.03.13"]
[Round "-"]
[White "Abstract Actuary"]
[Black "James Reed"]
[Result "1-0"]
[WhiteCountry "USA"]
[BlackCountry "ENG"]
[WhiteElo "1891"]
[WhiteRD "87"]
[BlackElo "1220"]
[BlackRD "88"]
[GameID "743091"]

1. e4 c5 2. d4 cxd4 3. c3 dxc3 4. Nxc3 Nc6 5. Bc4 e6 6. Nf3 Bc5 7. O-O h6 8. Qe2 Nge7 9. Rd1 O-O 10. Bf4 a6
11. Rac1 b5 12. Bb3 Bb7 13. Bd6 Re8 14. Bxc5 Qc7 15. Bd6 Qb6 16. a3 Nc8 17. e5 Nxd6 18. Rxd6 b4 19. Na4 Qc7 20. axb4 a5
21. b5 Nd4 22. Rxc7 Nxe2+ 23. Kf1 Bxf3 24. gxf3 Nf4 25. Rdxd7 Rf8 26. b6 Nd5 27. Bxd5 exd5 28. b7 Rab8 29. Nc5 Rxb7 30. Rxb7 Re8
31. Rxf7 d4 32. Rxg7+ Kh8 33. Rgd7 Rxe5 34. Rb8+ Re8 35. Rxe8#
1-0

[Event "Intra-knightworm78 Competition#1"]
[Site "SchemingMind.com"]
[Date "2024.03.13"]
[Round "-"]
[White "James Reed"]
[Black "Phillip Beckett"]
[Result "1-0"]
[WhiteCountry "ENG"]
[BlackCountry "ENG"]
[WhiteElo "1295"]
[WhiteRD "92"]
[BlackElo "1484"]
[BlackRD "54"]
[GameID "743092"]

1. e4 e5 2. Nf3 Nc6 3. Bb5 a6 4. Ba4 Nf6 5. O-O Be7 6. Re1 b5 7. Bb3 O-O 8. Nc3 d6 9. h3 Nb8 10. a3 Nbd7
11. d4 exd4 12. Nxd4 c5 13. Nc6 Qe8 14. Nd5 Bb7 15. Ncxe7+ Kh8 16. Nf5 Bxd5 17. Bxd5 Rb8 18. Nxd6 Qe7 19. Nf5 Qe5 20. Bc6 c4
21. Bxd7 Nxd7 22. Qg4 g6 23. Nh6 Qg7 24. Qxd7 Rbd8 25. Qa7 Ra8 26. Qe3 Rae8 27. c3 f5 28. Qb6 fxe4 29. Qxa6 e3 30. Bxe3
1-0

[Event "Intra-knightworm78 Competition#1"]
[Site "SchemingMind.com"]
[Date "2024.03.13"]
[Round "-"]
[White "James Reed"]
[Black "wight knight"]
[Result "0-1"]
[WhiteCountry "ENG"]
[BlackCountry "ENG"]
[WhiteElo "1220"]
[WhiteRD "88"]
[BlackElo "1226"]
[BlackRD "63"]
[GameID "743093"]

1. e4 e5 2. Nf3 f6 3. Bc4 b6 4. a3 Ba6 5. Bxa6 Nxa6 6. Qe2 Nc5 7. Nc3 g5 8. h3 a5 9. d3 Bh6 10. Be3 g4
11. hxg4 Bxe3 12. Qxe3 Ne6 13. g3 c5 14. Nd5 Ne7 15. Qh6 Kf7 16. Nxe7 Qxe7 17. O-O-O Nd4 18. Nxd4 cxd4 19. Qxh7+ Ke6 20. Qf5+ Kd6
21. Rxh8 Rxh8 22. Qf3 Rh6 23. Rh1 Rxh1+ 24. Qxh1 a4 25. f3 Qe6 26. c4 dxc3 27. Kc2 Qb3+ 28. Kb1 Qxb2#
0-1

[Event "Intra-knightworm78 Competition#1"]
[Site "SchemingMind.com"]
[Date "2024.03.13"]
[Round "-"]
[White "*chessnut*"]
[Black "James Reed"]
[Result "1-0"]
[WhiteCountry "FRA"]
[BlackCountry "ENG"]
[WhiteElo "1202"]
[WhiteRD "89"]
[BlackElo "1220"]
[BlackRD "88"]
[GameID "743094"]

1. e4 c5 2. c4 Nc6 3. Nf3 d6 4. Nc3 Nf6 5. Be2 h6 6. d3 a6 7. h3 e6 8. d4 Be7 9. dxc5 dxc5 10. Qxd8+ Bxd8
11. e5 Nd7 12. Bf4 O-O 13. Ne4 Bc7 14. O-O-O Ncxe5 15. g3 f6 16. Nh4 Ba5 17. Bh5 Nb6 18. b3 Bb4 19. Ng6 Re8 20. Nxe5 Rf8
21. Ng6 Rf7 22. Rd8+ Kh7 23. Rh8#
1-0

[Event "Intra-knightworm78 Competition#1"]
[Site "SchemingMind.com"]
[Date "2024.03.11"]
[Round "-"]
[White "Chessibelle"]
[Black "Abstract Actuary"]
[Result "0-1"]
[WhiteCountry "ENG"]
[BlackCountry "USA"]
[WhiteElo "1043"]
[WhiteRD "61"]
[BlackElo "1891"]
[BlackRD "91"]
[GameID "743095"]

1. d4 e6 2. Bd2 d5 3. Nf3 c5 4. c3 Nc6 5. g3 Nf6 6. h3 Bd6 7. e3 c4 8. b3 b5 9. a4 bxa4 10. bxa4 O-O
11. Be2 Rb8 12. O-O Ne4 13. Bc1 e5 14. Nbd2 Bxh3 15. Re1 Qf6 16. Nh4 Qxf2+ 17. Kh1 Nxg3#
0-1

[Event "Intra-knightworm78 Competition#1"]
[Site "SchemingMind.com"]
[Date "2024.03.11"]
[Round "-"]
[White "Phillip Beckett"]
[Black "Chessibelle"]
[Result "1-0"]
[WhiteCountry "ENG"]
[BlackCountry "ENG"]
[WhiteElo "1484"]
[WhiteRD "54"]
[BlackElo "1043"]
[BlackRD "61"]
[GameID "743096"]

1. d4 d5 2. e3 Bd7 3. Bd3 e6 4. Nd2 Nf6 5. f4 Nc6 6. c3 Be7 7. Ngf3 g6 8. O-O a6 9. Ne5 Nxe5 10. fxe5 Ng8
11. Qf3 Nh6 12. e4 Bc6 13. exd5 Bxd5 14. Qf4 Nf5 15. Ne4 b6 16. Nf6+ Kf8 17. Nxd5 Qxd5 18. g4 g5 19. Qe4 Qd8 20. gxf5 f6
21. exf6 Bxf6 22. fxe6 Ke7 23. Rxf6 Qd6 24. Bxg5 Rag8 25. Rf7+ Ke8 26. Re7+ Kf8 27. Qf5#
1-0